| 000 | 03652cam a2200457 a 4500 | ||
|---|---|---|---|
| 001 | ocm56367518 | ||
| 003 | TZ-ArACH | ||
| 005 | 20120905111912.0 | ||
| 008 | 040806s2003 bl ab b 000 0 por | ||
| 010 | _a 2004341623 | ||
| 020 | _a8571473609 | ||
| 020 | _a9788571473607 | ||
| 035 | _a(OCoLC)56367518 | ||
| 040 |
_aDLC _cTZ-ArACH _dIXA _dCUS _dBLBSF |
||
| 041 | 0 |
_aPor _aSpa |
|
| 042 | _alcode | ||
| 049 | _aTZAA | ||
| 050 | 0 | 0 |
_aKHD2983 _b.B68 |
| 082 | 1 | 4 | _a341.121941 |
| 100 | 1 |
_aBoucault, Carlos Eduardo de Abreu. _96319 |
|
| 245 | 1 | 0 |
_aPolíticas migratórias : _bfronteiras dos direitos humanos no século XXI / _cCarlos Eduardo de Abreu Boucault, Teresa Malatian, organizadores. |
| 260 |
_aRio de Janeiro : _bRenovar, _c2003. |
||
| 300 |
_a390 p. : _bill., maps ; _c21 cm. |
||
| 504 | _aIncludes bibliographical references (p. [380]-386). | ||
| 505 | 2 | _aOs direitos humanos em perspectiva histórica: universalismo, particularismo e a questão do exílio virtual / Estevão Rezende Martins -- Multiculturalismo, direitos humanos e a perspectiva da ética do discurso / Fabiana Cristina Severi, José Carlos E. Araújo -- Padrões de dominação nas relações internacionais contemporâneas / Arthur José de Almeida Diniz Filho -- As condições dos emigrantes afegãos e o controle das fronteiras dos países vizinhos: direitos humanos e soberania estatal no conflito EUA e regime talibã / Carlos Eduardo de Abreu Boucault -- Os direitos humanos em face do conflito EUA versus Talebã / Danilo Vieira Vilela -- Migração forçada e conflito interno: um estudo de caso do retorno de deslocados internos na Bósnia-Herzegovina / José H. Fischel de Andrade -- A questão dos direitos humanos no continente africano / Fernando Augusto Albuquerque Mourão. | |
| 505 | 2 | _aEstatuto juridico de los extranjeros en la Union Europea y en ordenamiento interno español / Aurélia Álvarez-Rodrigues -- O direito de nacionalidade no ordenamento jurídico brasileiro e comparado / Marco Aurélio Gumieri Valério -- A política de refúgio no Brasil contemporâneo / Luiz Paulo Teles Ferreira Barreto -- Imigração e dupla nacionalidade: aspectos histórico-jurídicos / Jorge Luís Mialhe -- Reformulações na política imigratória de Brasil e Argentina nos anos 1930: um enfoque comparativo / Oswaldo Truzzi -- Cumplicidade secreta: o Brasil diante da questão dos refugiados judeus (1933-1948) / Maria Luiza Tucci Carneiro -- Repensando a política imigratória brasileira na época Vargas / Jeffrey Lesser -- Imigrantes hispano-americanos em São Paulo: perfil e problemática / Sidney A. da Silva -- Migração internacional na América Latina: o caso dos brasileiros / Rosana Baeninger. | |
| 546 | _aPortuguese, with some Spanish. | ||
| 650 | 0 |
_aEmigration and immigration law _zBrazil. _96320 |
|
| 650 | 0 |
_aEmigration and immigration law. _96321 |
|
| 650 | 0 |
_aAmnesty. _96322 |
|
| 650 | 0 |
_aHuman rights. _96323 |
|
| 650 | 1 | 4 |
_aPolítica de migração. _96324 |
| 650 | 4 |
_aDireitos humanos. _96325 |
|
| 650 | 4 |
_aConflito internacional. _96326 |
|
| 650 | 4 |
_aPolítica de migração, _zAmérica Latina. _96327 |
|
| 700 | 1 |
_aMalatian, Teresa Maria. _96328 |
|
| 776 | 0 | 8 |
_iOnline version: _aBoucault, Carlos Eduardo de Abreu. _tPolíticas migratórias. _dRio de Janeiro : Renovar, 2003 _w(OCoLC)656731697 |
| 942 |
_2lcc _cBOOK |
||
| 999 |
_c1792 _d1792 |
||